مع ابن سينا

محفوظ في:

المؤلف الرئيسي: حسن على.

التنسيق: كتاب

اللغة: Undetermined

منشور في: Baghdad Al-maarif Press 1952

الوسوم: إضافة وسم

لا توجد وسوم, كن أول من يضع وسما على هذه التسجيلة!

رقم الطلب: A99 AZAN

LEADER 00310nam a2200121Ia 4500
008 240404s9999||||xx |||||||||||||| ||und||
050 4 |a A99 AZAN 
100 1 |a حسن على. 
245 1 0 |a مع ابن سينا  |c حسن على 
264 1 |a Baghdad  |b Al-maarif Press  |c 1952 
300 |a 56  |c 21 
942 |2 lcc  |c BK 
999 |c 58032  |d 58032